Některé tendence v rozvoji osobní hmotní spotřeby z hlediska vlivu vědecko-technického pokroku v evropských socialistických zemí
Guardado en:
| Autor principal: | |
|---|---|
| Formato: | Libro |
| Lenguaje: | checo |
| Publicado: |
Praha
Ústředí vědeckých, technických a ekonomických informací
1981
|
| Etiquetas: |
Sin Etiquetas, Sea el primero en etiquetar este registro!
|
MARC
| LEADER | 00000nam a2200000 4500 | ||
|---|---|---|---|
| 001 | c137389 | ||
| 005 | 20251204072112.8 | ||
| 041 | 0 | |a cze | |
| 044 | |a CZ | ||
| 245 | 1 | 0 | |a Některé tendence v rozvoji osobní hmotní spotřeby z hlediska vlivu vědecko-technického pokroku v evropských socialistických zemí |c Zbyněk Jalovec |
| 264 | 1 | |a Praha |b Ústředí vědeckých, technických a ekonomických informací |c 1981 | |
| 300 | |a 66 s. | ||
| 100 | 1 | |a Jalovec, Zbyněk | |